000 00458cam a2200181ua 4500
001 3777
008 111203n ii |||gr||||Z||||||asm
040 _cMAIN
082 _a891.4514
100 1 _aBorkataky, Biren,
_eAuthor.
245 1 1 _aSahityar patabhumi
_cby Biren Borkataky
250 _a6th.
260 _aSibsagarh:
_bAssam book depot,
_c2005.
300 _a142p:
_c23cm.
653 _aAssamese literature
653 _aSahityar patabhumi
942 _cBK
999 _c3603
_d3603